Indian journalism in a new era : (Record no. 173079)

MARC details
000 -LEADER
fixed length control field 00600nam a22001937a 4500
005 - DATE AND TIME OF LATEST TRANSACTION
control field 20200218123310.0
010 ## - LCCN (DPL NO)
LC control number ENG-127899
020 ## - INTERNATIONAL STANDARD BOOK NUMBER
Terms of availability 995.00
International Standard Book Number 9780199490820
035 ## - SYSTEM CONTROL NUMBER
System control number EN-111431
037 ## - SOURCE OF ACQUISITION
Source of stock number/acquisition DBAD/PUB
082 ## - DEWEY DECIMAL CLASSIFICATION NUMBER
Classification number 079.54
245 ## - TITLE STATEMENT
Title Indian journalism in a new era :
Statement of responsibility, etc edited by Shakuntala Rao
Remainder of title changes, challenges, and perspectives/
260 ## - PUBLICATION, DISTRIBUTION, ETC. (IMPRINT)
Place of publication, distribution, etc New Delhi
Date of publication, distribution, etc 2019
Name of publisher, distributor, etc Oxford University Press
270 ## - ADDRESS
Address 2/11 Ground Floor,Ansari Road,Dariyaganj
Postal code 110002
City New Delhi
300 ## - PHYSICAL DESCRIPTION
Extent xii;384p.
Other physical details 23(hb)
500 ## - GENERAL NOTE
General note <br/>
700 ## - ADDED ENTRY--PERSONAL NAME
Personal name Rao,Shakuntala
942 ## - ADDED ENTRY ELEMENTS (KOHA)
Source of classification or shelving scheme Dewey Decimal Classification
Item type English Books
Classification part COM
Call number prefix 079.54
Holdings
Withdrawn status Lost status Not for loan Collection code Home library Current library Date acquired Source of acquisition Cost, normal purchase price Full call number Barcode Copy number Cost, replacement price Koha item type
      Non-fiction Central Library Central Library 18/02/2020 DBAD/PUB 995.00 COM EN-111431 1 995.00 English Books

© Delhi Public Library
Hit Counter
free hit counter